Diminishing spirituality in local churches: (Record no. 6197)

000 -LEADER
fixed length control field 00636nam a2200181 a 4500
001 - CONTROL NUMBER
control field :::00003940$&:&@@
003 - CONTROL NUMBER IDENTIFIER
control field OkBaRHE
005 - DATE AND TIME OF LATEST TRANSACTION
control field 20000607103315.0
008 - FIXED-LENGTH DATA ELEMENTS--GENERAL INFORMATION
fixed length control field s1986 j 000 0 eng u
040 ## - CATALOGING SOURCE
Transcribing agency
100 1# - MAIN ENTRY--PERSONAL NAME
Personal name Best, W. E.
245 10 - TITLE STATEMENT
Title Diminishing spirituality in local churches:
Remainder of title studies in Revelation 2 and 3.
260 ## - PUBLICATION, DISTRIBUTION, ETC. (IMPRINT)
Place of publication, distribution, etc Houston, TX., :
Name of publisher, distributor, etc South Belt Grace Church
Date of publication, distribution, etc c1986
300 ## - PHYSICAL DESCRIPTION
Extent 147 p. ;
Dimensions 22 cm.
650 ## - SUBJECT ADDED ENTRY--TOPICAL TERM
Topical term or geographic name as entry element Bible New Testament Revelation 2-3
General subdivision Criticism, Interpretation, etc.
942 ## - ADDED ENTRY ELEMENTS (KOHA)
Source of classification or shelving scheme
Koha item type Books
Copies
Lost status Date last seen Price effective from Damaged status Permanent Location Source of classification or shelving scheme Copy number Shelving location Date acquired Barcode Full call number Koha item type Withdrawn status Not for loan
 2018-04-032010-04-14 RHEMA Bible Training College 1General Stacks2010-04-143940BS 2825.2 .B42Books